Broadway Shows in Songs Quiz Stats

Quiz Updated Jan 13, 2015

Challenge
Share
Tweet
Embed
Score 0/24 Timer 08:00
2 Plays Today
Lyric Show % Correct
The hills are alive with ____.The Sound of Music
98.9%
Give me a head with ____, long beautiful ____.Hair
81.3%
Tale as old as time. Song as old as rhyme. ____.Beauty and the Beast
79.9%
We're not gonna pay, last year's ____, this year's ____, next year's ____.Rent
77.3%
____, where the wind comes sweepin' down the plain.Oklahoma!
77.2%
We dine well here in Camelot. We eat ham and jam and ____.Spamalot
72%
____, well, ____. It's so nice to have you back where you belong. You're looking swell, Dolly.Hello, Dolly
70.7%
____ here I go again. My my, how can I resist you?Mamma Mia!
56.9%
Willkommen, bienvenue, welcome, im ____, au ____, to ____.Cabaret
56.5%
In olden days, a glimpse of stocking was looked on as something shocking. But now, God knows, ____.Anything Goes
53.5%
And do I dream again? For now I find ____ is there, inside my mind.The Phantom of the Opera
51.5%
I had a dream. I dreamed it for you, June. It wasn't for me, Herbie. And if it wasn't for me then where would you be, Miss ____ Rose Lee?Gypsy
47.9%
Lyric Show % Correct
See the headline, ____ on a mission. Kill the competition. Sell the next edition.Newsies
46.2%
Wait! Before we put the lad to task, may I be so curious as to ask his name? ____.Oliver!
45.7%
So ____, the time is now. We have to live, I don't care how. ____, to sell the cow, you must begin the journey.Into the Woods
44.5%
It's just-- for the first time, I feel ____.Wicked
42.7%
On ____ (Sucks to be me). On ____ (Sucks to be you). On ____ (Sucks to be us).Avenue Q
41.5%
Oh, oh, oh, I've got my ____ and radio. I'm ready to go!Hairspray
33.9%
The naming of ____ is a difficult matter. It isn't just one of your holiday games.Cats
30.4%
Sweeping through the darkest corners to express- countries, classes, creeds as one in love of ____.Chess
12.2%
____, I buy my coffee and I go. Set my sights on only what I need to know.In the Heights
12.2%
____ is the game I'm in. And I'm proud to be in ____. I love it.The Pajama Game
9.9%
Coon songs are made for Minstrel shows. White men sing them in blackface. This is called...____.Ragtime
9.9%
Don’t conceal what you feel, let it shine: That you’d like to be always ____.Nine
5.3%

You're not logged in!

Compare scores with friends on all Sporcle quizzes.
Join for Free
OR
Log In

You Might Also Like...

Show Comments

Extras

Top Quizzes Today


Score Distribution

Your Account Isn't Verified!

In order to create a playlist on Sporcle, you need to verify the email address you used during registration. Go to your Sporcle Settings to finish the process.

Report this User

Report this user for behavior that violates our Community Guidelines.

Details: